00914cam a2200241Ma 450000500170000000800410001702000180005804000500007604100080012610000200013424501030015426000680025730000610032549000340038650400530042061000210047365000320049465000300052665000210055665000480057765000280062570000190065320141027082831.0141027s2010 xxuad fr 001 0 eng d a9780470499313 aCO-BoUCMbspacJose A. GerenadJose A. Gerena0 aeng1 aHalligan, Brian10aInbound marketingbget found using Google, social media, and blogs cBrian Halligan, Dharmesh Shah aHoboken (Nueva Jersey, Estados Unidos)bJohn Wiley & Sonsc2010 axxiii, 226 páginasbilustraciones, cuadros, gráficas aThe new rules of social media aIncluye referencias bibliográficas e índices2 aGooglexComercio 7aAdministración de ventas  7aRedes sociales xComercio 7aBlogs xComercio 7aTecnología de la información xComercio 7aComercio electrónico 1 aShah, Dharmesh